Estructura de la organización sindical. Estudio comparativo de algunos países de América Latina
Enregistré dans:
| Auteur principal: | |
|---|---|
| Collectivité auteur: | |
| Format: | Actes de congrès |
| Langue: | Spanish |
| Publié: |
Costa Rica :
ACAS. CSUCA
1976
|
| Sujets: | |
| Tags: |
Ajouter un tag
Pas de tags, Soyez le premier à ajouter un tag!
|
MARC
| LEADER | 00000 a a2200000 04500 | ||
|---|---|---|---|
| 001 | 17581 | ||
| 003 | cru CIDCACS/IIS | ||
| 005 | 20231129134611.0 | ||
| 008 | 181205b ||||| |||| 00| 0 spa d | ||
| 020 | |a [sin ISBN] | ||
| 022 | |a [sin ISBN] | ||
| 040 | |c cru CIDCACS/IIS | ||
| 090 | |a 13.09.05 S487se | ||
| 100 | |a Serrano Caldera, Alejandro | ||
| 111 | |a ACAS/ |c CSUCA | ||
| 245 | |a Estructura de la organización sindical. Estudio comparativo de algunos países de América Latina | ||
| 260 | |a Costa Rica : |b ACAS. CSUCA |c 1976 | ||
| 300 | |a 47 páginas | ||
| 500 | |a Proyecto RLA/76/P02 | ||
| 611 | |a Seminario sobre trabajadores Agrícolas urbano-industriales en Centroamérica | ||
| 650 | |a TRABAJADORES AGRICOLAS | ||
| 650 | |a SINDICATOS | ||
| 650 | |a SINDICATOS | ||
| 650 | |a CENTROAMERICA | ||
| 650 | |a AMERICA LATINA | ||
| 942 | |2 z |c LI |h 13.09.05 S487se |6 130905_S487SE | ||
| 999 | |c 6116 |d 6116 | ||
